Multiple-Choice-Quiz Erzgebirgskreis - Statistiken

Allgemein
  • Dieses Quiz wurde 20 mal gespielt
  • Das Durchschnittsergebnis liegt bei 10 aus 15
Antwortstatistiken
Frage Antwort % Korrekt
In welchem Bundesland liegt der Erzgebirgskreis? Sachsen
95%
Welche Stadt ist als Spielzeugstadt bekannt? Seiffen
90%
An welches Land grenzt der Erzgebirgskreis? Tschechien
90%
Durch welchen Wirtschaftszweig gewann der Erzgebirgskreis ursprünglich an Bedeutung? Bergbau
85%
Der Erzgebirgskreis gilt als Hochburg welcher Partei? AfD
75%
Welche Stadt wird "Tor zum Erzgebirge" genannt? Chemnitz
75%
Was ist die höchste Erhebung des Erzgebirgskreises? Fichtelberg
75%
Das ehemalige MZ-Werk, das einst größte Motoradwerk der Welt, steht in welcher Stadt? Zschopau
70%
Was ist die Hauptstadt des Erzgebirgskreises? Annaberg-Buchholz
65%
Das Volksfest "______ Kät" lockt jährlich Hunderttausende Besucher in welche Stadt? Annaberg-Buchholz
60%
Wie viele Einwohner hat der Erzgebirgskreis ungefähr? 300.000
55%
Welches ist keine große Kreisstadt im Erzgebirgskreis? Freiberg
45%
Welche Stadt ist durch einen quadratischen Marktplatz bekannt? Marienberg
40%
An welchen Landkreis grenzt der Erzgebirgskreis NICHT? Landkreis Sächsische Schweiz-Osterzgebirge
30%
Welche dieser Städte enthält eine UNESCO-Weltkulturerbestätte? Olbernhau
15%
Keine übereinstimmenden Quizze gefunden
Verteilung der Resultate
Anzahl Personen mit jedem Resultat
Perzentil nach korrekt beantworteten Fragen
Ihre Resultats-Entwicklung
Sie haben dieses Quiz noch nicht gespielt